| 000 | 00823cam a2200229 a 4500 | ||
|---|---|---|---|
| 001 | 11995309 | ||
| 005 | 20130227145020.0 | ||
| 008 | 000503s2001 maua b 001 0 eng | ||
| 010 | _a 00033515 | ||
| 020 | _a1578512506 (alk. paper) | ||
| 020 | _a9781578512508 | ||
| 082 | 0 | 0 |
_a658.4012 _222 _bKAP |
| 100 | 1 |
_aKaplan, Robert S. _932714 |
|
| 245 | 1 | 4 |
_aThe Strategy-Focused Organization : _bHow Balanced Scorecard Companies Thrive in the New Business Environment / _cRobert S. Kaplan, David P. Norton. |
| 260 |
_aBoston, Mass. : _bHarvard Business School Press, _cc2001. |
||
| 300 |
_ax, 400 p. : _bill. ; _c24 cm. |
||
| 504 | _aIncludes bibliographical references and index. | ||
| 650 | 0 |
_aStrategic planning. _932748 |
|
| 653 |
_bBus _cFebruary2013 |
||
| 700 | 1 |
_aNorton, David P., _d1941- _932718 |
|
| 942 |
_2ddc _cBB |
||
| 999 |
_c17334 _d17306 |
||